|
|
|
|
| LEADER |
00000nam a22000007a 4500 |
| 005 |
20130405160553.0 |
| 007 |
cr|||| |||| |
| 008 |
130405e2008 mx |||||s|||| 00||0 spa d |
| 020 |
|
|
|a 978-970-811-201-7
|
| 035 |
|
|
|a 11021
|
| 040 |
|
|
|a vLex
|
| 090 |
|
|
|c 4151
|d 4151
|
| 100 |
1 |
0 |
|a Haime Levy, Luis
|
| 245 |
1 |
0 |
|a Visin̤ empresarial integral
|c / Luis Haime Levy
|h [Recurso electrn̤ico]
|
| 256 |
|
|
|a Servicio en ln̕ea
|
| 260 |
|
|
|a Mx̌ico D.F. :
|b Ediciones Fiscales ISEF,
|c 2008
|
| 300 |
|
|
|a 1 recurso electrn̤ico
|
| 506 |
|
|
|a Contenido solo disponible en los productos indicados
|d vLex Global
|d vLex Global (Academic Edition, excluding Law Schools)
|d vLex Global (U.S. Academic Edition, Law Schools)
|d vLex Global (U.S. Academic Edition, excluding Law Schools)
|d vLex Global (Academic Edition, Law Schools)
|
| 650 |
0 |
4 |
|a Administracin̤ (Management)
|z Mx̌ico
|
| 650 |
0 |
4 |
|a Economa̕
|z Mx̌ico
|
| 740 |
|
|
|a vLex Libros (Servicio en ln̕ea)
|
| 856 |
|
|
|a Acceso restringido
|u http://www.vlex.com/source/11021
|
| 942 |
|
|
|c BOOK
|
| 999 |
|
0 |
|a Management
|